Geografia per Lettere - P - Statistics

Statistiche generali
  • Questo quiz è stato fatto 174 volte
    81 dall'ultimo reset
  • Il punteggio medio è 14 su 20
Statistiche sulle risposte
Categoria Risposta % Corretto
Oceano Pacifico
100%
Golfo Persico - Panama - Paria - Patras - Pozzuoli
94%
Capitale Europea Parigi - Podgorica - Praga - Pristina
93%
Lingua Ufficiale Europea Polacco - Portoghese
93%
Stato Sud Americano Paraguay - Perù
91%
Stato Europeo Paesi Bassi - Polonia - Portogallo
90%
Città Italiana (100k+) Padova - Palermo - Parma - Perugia - Pescara - Piacenza - Prato
87%
Stato Oceaniano Palau - Papua Nuova Guinea
87%
Stato Asiatico Pakistan
84%
Città che ha Ospitato un'Olimpiade Pyeongchang - Pechino - Parigi
84%
Capitale Asiatica Pechino - Phnom Penh - Pyongyang
79%
Stato USA Pennsylvania
71%
Stato Nord Americano Panama
68%
Valuta in Uso Pa'anga - Pataca - Peso - Peseta - Pula
63%
Capitale Nord Americana Panama - Port of Spain - Port-au-Prince
60%
Capitale Africana Port Louis - Porto-Novo - Praia - Pretoria
44%
Capitale di uno Stato USA Phoenix - Pierre - Providence
38%
Capitale Sud Americana Paramaribo
34%
Isola Caraibica (Abitata) Porto Rico - Paradise Island - Pinel - Palm Island - Petit Saint Vincent
32%
Capitale Oceaniana Palikir - Port Moresby - Port Vila
19%
Nessun quiz corrispondente trovato
Distribuzione punteggi
Percentuale di utenti per punteggio
Percentile per numero di risposta
I tuoi punteggi nel tempo
Non hai fatto questo quiz dall'ultimo reset